Statystyki dla Stare nazwy współczesnych państw

Kliknij tutaj aby rozwiązać quiz!

Ogólne statystyki

  • Ten quiz został rozwiązany 28 razy
  • Średni wynik to 15 z 20

Statystyki odpowiedzi

Państwo współczesnePaństwo historyczne% Poprawnych
Czechy/SłowacjaCzechosłowacja
100%
RosjaZwiązek Radziecki
100%
MjannmaBirma
96%
Austria (1867-1918)Austro-Węgry
92%
SerbiaJugosławia
92%
Macedonia PółnocnaMacedonia
92%
IranPersja
92%
Niemcy (1933-1945)III Rzesza
88%
TurcjaImperium Osmańskie
88%
Niemcy (1949-1990)Niemiecka Republika Demokratyczna
85%
Serbia (2003-2006)Serbia i Czarnogóra
81%
Demokratyczna Republika KongaZair
77%
Sri LankaCejlon
73%
WatykanPaństwo Kościelne
65%
TajlandiaSyjam
65%
TanzaniaZanzibar/Tanganika
58%
Burkina FasoGórna Wolta
50%
BangladeszPakistan Wschodni
42%
Republika Południowej AfrykiZwiązek Południowej Afryki
38%
KambodżaKampucza
23%

Rozkład punktacji

Percentyl według liczby udzielonych odpowiedzi

Procent ludzi z każdym wynikiem

Twoja historia wyników

Nie rozwiązałeś tego quizu